00520nam a22001813 450000100060000000300080000600500170001400800410003103500510007204000270012304100080015008200190015824500630017726000420024030000210028265000180030370000170032120069BD-RjUL20211209000521.0140226s1939 enk 000 1 eng d aOCLC pks04068484 from D970304Ka(BD-RjUL)20131 aEQOcEQObengdBD-RjUL aeng a 813.01bMOD 00aModern German short stories /cTranslated by Zahoorul Huq aKarachi :c1939.bBegum Shazeda Huq, a127 p. ;c19 cm. aShort stories1 aZahoorul Huq